| 000 | 00899nam a22002417a 4500 | ||
|---|---|---|---|
| 005 | 20090822135353.0 | ||
| 008 | 090821t xxu||||| |||| 00| 0 eng d | ||
| 010 | _aENG-94810 | ||
| 020 |
_a9788183161565 _c800.00 |
||
| 020 |
_a8183161561 _c800.00 |
||
| 035 | _aEN-78343 | ||
| 037 | _bDBAD / PUB | ||
| 040 |
_adpl _bEnglish |
||
| 082 | _a371.33 | ||
| 100 | _aMohanty, Jagannath | ||
| 245 |
_aModern trends in educational technology / _cby Jagannath Mohanty |
||
| 260 |
_aHyderbad _bNeelkamal Publications _c2007 |
||
| 270 |
_aSultan Bazar, _bHyderbad _e500095 |
||
| 300 |
_axvi, 419p. _c23cm(Hb) |
||
| 500 | _aIncludes bibliographical references and index | ||
| 942 |
_2ddc _cEN _mMOH _h371.33 |
||
| 999 |
_c29457 _d29457 |
||